000 00548nam a2200205Ia 4500
005 20250923144432.0
008 008 250917s9999 xx 000 0 eng d
037 _aTextual
040 _aDSWL
_beng
_cDSWL
041 _aeng
_2eng
084 _aY31:3:35, J2
_qDSWL
100 _aCarter, V. B.
_9824860
245 4 _aThe English Village
_cby V. B. Carter
260 _aLondon
_bPenguin
_c1952
300 _a249 p.
365 _aINR
_b3
925 _g3
942 _cTEXL
_hY31:3:35, J2
999 _c1438854
_d1438854